[Event "DVM U12 2022"]
[Site "München GER"]
[Date "2022.12.27"]
[Round "1"]
[White "Riechenberg, Sebastian"]
[Black "Kulkovets, Roman"]
[Result "1/2-1/2"]
[Termination "normal"]
[Board "2.1"]
[WhiteElo "1771"]
[BlackElo "1509"]
[WhiteClock "00:07:31"]
[BlackClock "01:11:36"]
[WhiteTeam "SV Erkenschwick 1923"]
[BlackTeam "Heilbronner SV"]
[PlyCount "147"]
[WhiteFideId "34605231"]
[BlackFideId "34119272"]
[EventCountry "GER"]
[EventRounds "7"]
[EventType "team-swiss"]
[EventDate "2022.12.26"]

1. e4 {[%clk 01:30:58]} {[%emt 00:00:01]} c6 {[%clk 01:31:00]} {[%emt
00:00:01]} 2. d4 {[%clk 01:31:11]} {[%emt 00:00:17]} d5 {[%clk 01:31:28]}
{[%emt 00:00:02]} 3. exd5 {[%clk 01:31:26]} {[%emt 00:00:14]} cxd5 {[%clk
01:31:57]} {[%emt 00:00:02]} 4. Bd3 {[%clk 01:31:41]} {[%emt 00:00:14]} Nf6
{[%clk 01:32:19]} {[%emt 00:00:09]} 5. c3 {[%clk 01:31:50]} {[%emt 00:00:21]}
Nc6 {[%clk 01:32:30]} {[%emt 00:00:19]} 6. Bf4 {[%clk 01:30:46]} {[%emt
00:01:33]} g6 {[%clk 01:32:44]} {[%emt 00:00:17]} 7. Ne2 {[%clk 01:30:15]}
{[%emt 00:01:00]} Bf5 {[%clk 01:32:54]} {[%emt 00:00:20]} 8. Bxf5 {[%clk
01:30:18]} {[%emt 00:00:28]} gxf5 {[%clk 01:33:18]} {[%emt 00:00:06]} 9. Na3
{[%clk 01:30:28]} {[%emt 00:00:21]} a6 {[%clk 01:33:35]} {[%emt 00:00:12]} 10.
Nc2 {[%clk 01:30:22]} {[%emt 00:00:35]} h5 {[%clk 01:31:13]} {[%emt 00:02:52]}
11. O-O {[%clk 01:17:59]} {[%emt 00:12:53]} e6 {[%clk 01:30:52]} {[%emt
00:00:52]} 12. Re1 {[%clk 01:16:58]} {[%emt 00:01:31]} Bd6 {[%clk 01:31:06]}
{[%emt 00:00:17]} 13. Ne3 {[%clk 01:10:45]} {[%emt 00:06:42]} Bxf4 {[%clk
01:21:04]} {[%emt 00:10:33]} 14. Nxf4 {[%clk 01:09:43]} {[%emt 00:01:31]} Qd6
{[%clk 01:21:23]} {[%emt 00:00:12]} 15. Nd3 {[%clk 00:57:32]} {[%emt 00:12:41]}
O-O-O {[%clk 01:21:11]} {[%emt 00:00:42]} 16. Ne5 {[%clk 00:56:17]} {[%emt
00:01:46]} Nxe5 {[%clk 01:21:20]} {[%emt 00:00:20]} 17. Nxf5 {[%clk 00:56:40]}
{[%emt 00:00:07]} Qc7 {[%clk 01:20:42]} {[%emt 00:01:08]} 18. dxe5 {[%clk
00:56:55]} {[%emt 00:00:15]} Ng4 {[%clk 01:21:06]} {[%emt 00:00:06]} 19. Nd6
{[%clk 00:43:38]} {[%emt 00:13:47]} Kb8 {[%clk 01:21:26]} {[%emt 00:00:11]} 20.
h3 {[%clk 00:40:59]} {[%emt 00:03:08]} Nxe5 {[%clk 01:21:04]} {[%emt 00:00:52]}
21. Rxe5 {[%clk 00:40:46]} {[%emt 00:00:42]} Qxd6 {[%clk 01:21:13]} {[%emt
00:00:21]} 22. Rxh5 {[%clk 00:40:26]} {[%emt 00:00:51]} Rhg8 {[%clk 01:18:42]}
{[%emt 00:03:01]} 23. Qf3 {[%clk 00:40:27]} {[%emt 00:00:28]} f5 {[%clk
01:18:40]} {[%emt 00:00:33]} 24. Re1 {[%clk 00:40:24]} {[%emt 00:00:33]} Rg6
{[%clk 01:19:02]} {[%emt 00:00:09]} 25. Kh1 {[%clk 00:36:49]} {[%emt 00:04:05]}
f4 {[%clk 01:15:48]} {[%emt 00:03:43]} 26. Rhe5 {[%clk 00:32:30]} {[%emt
00:04:49]} Rf8 {[%clk 01:12:30]} {[%emt 00:03:48]} 27. g4 {[%clk 00:29:48]}
{[%emt 00:03:12]} fxg3 {[%clk 01:12:22]} {[%emt 00:00:39]} 28. Qh5 {[%clk
00:26:59]} {[%emt 00:03:20]} gxf2 {[%clk 01:12:27]} {[%emt 00:00:25]} 29. Qxg6
{[%clk 00:25:38]} {[%emt 00:01:51]} Qxe5 {[%clk 01:12:51]} {[%emt 00:00:06]}
30. Rf1 {[%clk 00:25:39]} {[%emt 00:00:29]} Qe4 {[%clk 01:12:47]} {[%emt
00:00:34]} 31. Qg2 {[%clk 00:25:55]} {[%emt 00:00:14]} Rf3 {[%clk 01:12:20]}
{[%emt 00:00:57]} 32. Kh2 {[%clk 00:23:24]} {[%emt 00:03:00]} Qf4 {[%clk
01:12:44]} {[%emt 00:00:07]} 33. Kh1 {[%clk 00:23:35]} {[%emt 00:00:19]} Rg3
{[%clk 01:13:12]} {[%emt 00:00:01]} 34. Rxf2 {[%clk 00:21:39]} {[%emt
00:02:26]} Rxh3 {[%clk 01:10:34]} {[%emt 00:03:09]} 35. Qxh3 {[%clk 00:21:01]}
{[%emt 00:01:08]} Qxf2 {[%clk 01:11:01]} {[%emt 00:00:03]} 36. Qxe6 {[%clk
00:20:29]} {[%emt 00:01:01]} Qxb2 {[%clk 01:10:56]} {[%emt 00:00:36]} 37. Qe5
{[%clk 00:20:25]} {[%emt 00:00:33]} Ka7 {[%clk 01:11:19]} {[%emt 00:00:08]} 38.
Qd4 {[%clk 00:19:46]} {[%emt 00:01:08]} Qb6 {[%clk 01:11:46]} {[%emt 00:00:03]}
39. Qxd5 {[%clk 00:18:34]} {[%emt 00:01:42]} Qb1 {[%clk 01:11:45]} {[%emt
00:00:31]} 40. Kg2 {[%clk 00:18:01]} {[%emt 00:01:03]} Qc2 {[%clk 01:12:06]}
{[%emt 00:00:09]} 41. Kf3 {[%clk 00:17:26]} {[%emt 00:01:05]} Qxc3 {[%clk
01:12:28]} {[%emt 00:00:09]} 42. Ke4 {[%clk 00:17:49]} {[%emt 00:00:07]} Kb6
{[%clk 01:12:18]} {[%emt 00:00:40]} 43. Qd4 {[%clk 00:16:18]} {[%emt 00:01:59]}
Qxd4 {[%clk 01:12:20]} {[%emt 00:00:30]} 44. Kxd4 {[%clk 00:16:44]} {[%emt
00:00:05]} Kb5 {[%clk 01:12:43]} {[%emt 00:00:06]} 45. Kc3 {[%clk 00:17:05]}
{[%emt 00:00:09]} a5 {[%clk 01:13:09]} {[%emt 00:00:04]} 46. Kb3 {[%clk
00:13:59]} {[%emt 00:03:37]} Kc5 {[%clk 01:13:12]} {[%emt 00:00:27]} 47. Kb2
{[%clk 00:09:59]} {[%emt 00:04:29]} Kc4 {[%clk 01:13:24]} {[%emt 00:00:18]} 48.
Kc2 {[%clk 00:10:00]} {[%emt 00:00:29]} b5 {[%clk 01:13:48]} {[%emt 00:00:05]}
49. Kb2 {[%clk 00:08:54]} {[%emt 00:01:36]} Kd3 {[%clk 01:13:58]} {[%emt
00:00:20]} 50. Kb3 {[%clk 00:09:03]} {[%emt 00:00:21]} a4 {[%clk 01:14:23]}
{[%emt 00:00:06]} 51. Kb2 {[%clk 00:09:03]} {[%emt 00:00:30]} Kd2 {[%clk
01:14:46]} {[%emt 00:00:06]} 52. Kb1 {[%clk 00:09:04]} {[%emt 00:00:30]} Kc3
{[%clk 01:13:57]} {[%emt 00:01:19]} 53. Kc1 {[%clk 00:09:26]} {[%emt 00:00:08]}
Kc4 {[%clk 01:14:19]} {[%emt 00:00:08]} 54. Kc2 {[%clk 00:09:34]} {[%emt
00:00:22]} Kd4 {[%clk 01:14:19]} {[%emt 00:00:29]} 55. Kb2 {[%clk 00:09:29]}
{[%emt 00:00:36]} Kd3 {[%clk 01:14:42]} {[%emt 00:00:07]} 56. Kb1 {[%clk
00:09:47]} {[%emt 00:00:11]} Kd4 {[%clk 01:11:06]} {[%emt 00:04:06]} 57. Kb2
{[%clk 00:10:00]} {[%emt 00:00:18]} Ke5 {[%clk 01:08:46]} {[%emt 00:02:50]} 58.
Kb1 {[%clk 00:08:30]} {[%emt 00:02:00]} Kd5 {[%clk 01:08:33]} {[%emt 00:00:43]}
59. Kb2 {[%clk 00:08:45]} {[%emt 00:00:15]} Kd4 {[%clk 01:08:48]} {[%emt
00:00:14]} 60. Kb1 {[%clk 00:08:57]} {[%emt 00:00:18]} Kc5 {[%clk 01:08:23]}
{[%emt 00:00:55]} 61. Kc2 {[%clk 00:07:11]} {[%emt 00:02:17]} Kc4 {[%clk
01:08:48]} {[%emt 00:00:05]} 62. Kb1 {[%clk 00:07:08]} {[%emt 00:00:33]} Kb4
{[%clk 01:09:11]} {[%emt 00:00:06]} 63. Kb2 {[%clk 00:07:33]} {[%emt 00:00:05]}
Kc4 {[%clk 01:09:27]} {[%emt 00:00:14]} 64. Kc2 {[%clk 00:06:15]} {[%emt
00:01:48]} Kd5 {[%clk 01:09:14]} {[%emt 00:00:44]} 65. Kb2 {[%clk 00:06:14]}
{[%emt 00:00:31]} Kc5 {[%clk 01:09:36]} {[%emt 00:00:08]} 66. Kc3 {[%clk
00:06:08]} {[%emt 00:00:35]} Kc6 {[%clk 01:09:51]} {[%emt 00:00:15]} 67. Kb2
{[%clk 00:06:32]} {[%emt 00:00:06]} Kd5 {[%clk 01:10:15]} {[%emt 00:00:06]} 68.
Kb1 {[%clk 00:06:46]} {[%emt 00:00:17]} Kd4 {[%clk 01:10:24]} {[%emt 00:00:20]}
69. Kb2 {[%clk 00:07:05]} {[%emt 00:00:11]} Kd3 {[%clk 01:10:45]} {[%emt
00:00:09]} 70. Kb1 {[%clk 00:07:20]} {[%emt 00:00:16]} Kd2 {[%clk 01:10:38]}
{[%emt 00:00:37]} 71. Kb2 {[%clk 00:07:42]} {[%emt 00:00:08]} b4 {[%clk
01:11:02]} {[%emt 00:00:06]} 72. Ka1 {[%clk 00:07:04]} {[%emt 00:01:07]} Kc3
{[%clk 01:11:18]} {[%emt 00:00:14]} 73. Kb1 {[%clk 00:07:26]} {[%emt 00:00:09]}
a3 {[%clk 01:11:36]} {[%emt 00:00:11]} 74. Ka1 {[%clk 00:07:31]} {[%emt
00:00:25]} 1/2-1/2

[Event "DVM U12 2022"]
[Site "München GER"]
[Date "2022.12.27"]
[Round "1"]
[White "Wolff, Calvin"]
[Black "Allen, Phillipp"]
[Result "0-1"]
[Termination "normal"]
[Board "2.2"]
[WhiteElo "1429"]
[BlackElo "1588"]
[WhiteClock "00:08:57"]
[BlackClock "00:40:58"]
[WhiteTeam "Heilbronner SV"]
[BlackTeam "SV Erkenschwick 1923"]
[PlyCount "116"]
[WhiteFideId "16269969"]
[BlackFideId "16272846"]
[EventCountry "GER"]
[EventRounds "7"]
[EventType "team-swiss"]
[EventDate "2022.12.26"]

1. e4 {[%clk 01:30:36]} {[%emt 00:00:22]} c6 {[%clk 01:30:46]} {[%emt
00:00:14]} 2. d4 {[%clk 01:30:20]} {[%emt 00:00:46]} d5 {[%clk 01:30:54]}
{[%emt 00:00:23]} 3. Nc3 {[%clk 01:30:27]} {[%emt 00:00:22]} dxe4 {[%clk
01:30:55]} {[%emt 00:00:30]} 4. Nxe4 {[%clk 01:30:50]} {[%emt 00:00:07]} Nd7
{[%clk 01:30:46]} {[%emt 00:00:38]} 5. Nf3 {[%clk 01:25:50]} {[%emt 00:05:30]}
Ngf6 {[%clk 01:30:46]} {[%emt 00:00:30]} 6. Ng3 {[%clk 01:22:55]} {[%emt
00:03:25]} e6 {[%clk 01:30:34]} {[%emt 00:00:42]} 7. c3 {[%clk 01:21:14]}
{[%emt 00:02:11]} Bd6 {[%clk 01:30:53]} {[%emt 00:00:10]} 8. Bd3 {[%clk
01:20:00]} {[%emt 00:01:44]} h5 {[%clk 01:30:56]} {[%emt 00:00:27]} 9. Bg5
{[%clk 01:18:44]} {[%emt 00:01:46]} Qc7 {[%clk 01:30:23]} {[%emt 00:01:02]} 10.
Qe2 {[%clk 01:11:40]} {[%emt 00:07:35]} Kf8 {[%clk 01:12:30]} {[%emt 00:18:24]}
11. Ne4 {[%clk 01:01:27]} {[%emt 00:10:43]} Nxe4 {[%clk 01:11:44]} {[%emt
00:01:15]} 12. Bxe4 {[%clk 01:01:07]} {[%emt 00:00:50]} b6 {[%clk 01:11:14]}
{[%emt 00:01:00]} 13. h4 {[%clk 00:57:49]} {[%emt 00:03:49]} Bb7 {[%clk
01:10:13]} {[%emt 00:01:31]} 14. Bd2 {[%clk 00:54:19]} {[%emt 00:04:00]} Nf6
{[%clk 01:10:03]} {[%emt 00:00:40]} 15. O-O-O {[%clk 00:51:10]} {[%emt
00:03:39]} Nxe4 {[%clk 01:09:18]} {[%emt 00:01:16]} 16. Qxe4 {[%clk 00:50:55]}
{[%emt 00:00:45]} c5 {[%clk 01:09:01]} {[%emt 00:00:47]} 17. Qe2 {[%clk
00:49:15]} {[%emt 00:02:10]} Bxf3 {[%clk 01:07:08]} {[%emt 00:02:23]} 18. Qxf3
{[%clk 00:49:34]} {[%emt 00:00:11]} Rc8 {[%clk 01:07:01]} {[%emt 00:00:37]} 19.
d5 {[%clk 00:48:21]} {[%emt 00:01:43]} exd5 {[%clk 01:06:18]} {[%emt 00:01:13]}
20. Qxd5 {[%clk 00:48:10]} {[%emt 00:00:41]} Qc6 {[%clk 01:06:40]} {[%emt
00:00:08]} 21. Qf5 {[%clk 00:47:11]} {[%emt 00:01:30]} Be7 {[%clk 00:59:24]}
{[%emt 00:07:44]} 22. Bf4 {[%clk 00:43:12]} {[%emt 00:04:30]} g6 {[%clk
00:56:34]} {[%emt 00:03:20]} 23. Qe5 {[%clk 00:42:39]} {[%emt 00:01:03]} Bf6
{[%clk 00:55:58]} {[%emt 00:01:06]} 24. Qd6 {[%clk 00:40:36]} {[%emt 00:02:33]}
Qxd6 {[%clk 00:54:48]} {[%emt 00:01:40]} 25. Rxd6 {[%clk 00:40:51]} {[%emt
00:00:15]} Kg7 {[%clk 00:54:00]} {[%emt 00:01:17]} 26. Rd7 {[%clk 00:40:36]}
{[%emt 00:00:46]} Ra8 {[%clk 00:53:24]} {[%emt 00:01:05]} 27. Bg5 {[%clk
00:39:39]} {[%emt 00:01:27]} Rhd8 {[%clk 00:53:02]} {[%emt 00:00:51]} 28. Rhd1
{[%clk 00:39:54]} {[%emt 00:00:15]} Bxg5 {[%clk 00:52:19]} {[%emt 00:01:14]}
29. hxg5 {[%clk 00:40:16]} {[%emt 00:00:08]} Re8 {[%clk 00:50:25]} {[%emt
00:02:24]} 30. R1d6 {[%clk 00:39:03]} {[%emt 00:01:42]} Re1 {[%clk 00:49:20]}
{[%emt 00:01:35]} 31. Kc2 {[%clk 00:37:28]} {[%emt 00:02:05]} Rae8 {[%clk
00:48:48]} {[%emt 00:01:01]} 32. Kb3 {[%clk 00:30:08]} {[%emt 00:07:51]} R1e5
{[%clk 00:44:12]} {[%emt 00:05:06]} 33. f4 {[%clk 00:28:20]} {[%emt 00:02:19]}
Rf5 {[%clk 00:42:58]} {[%emt 00:01:43]} 34. g3 {[%clk 00:28:16]} {[%emt
00:00:34]} Re3 {[%clk 00:43:12]} {[%emt 00:00:15]} 35. Rd3 {[%clk 00:27:59]}
{[%emt 00:00:48]} Rxd3 {[%clk 00:43:31]} {[%emt 00:00:12]} 36. Rxd3 {[%clk
00:28:09]} {[%emt 00:00:19]} h4 {[%clk 00:43:37]} {[%emt 00:00:24]} 37. gxh4
{[%emt 00:01:19]} Rxf4 {[%clk 00:43:57]} {[%emt 00:00:09]} 38. Rh3 {[%clk
00:27:02]} {[%emt 00:00:48]} Rg4 {[%clk 00:44:00]} {[%emt 00:00:27]} 39. c4
{[%clk 00:25:46]} {[%emt 00:01:47]} f6 {[%clk 00:39:11]} {[%emt 00:05:18]} 40.
gxf6 {[%clk 00:16:30]} {[%emt 00:09:46]} Kxf6 {[%clk 00:39:33]} {[%emt
00:00:07]} 41. Rd3 {[%clk 00:14:37]} {[%emt 00:02:23]} Rxh4 {[%clk 00:39:50]}
{[%emt 00:00:14]} 42. Rd7 {[%clk 00:14:50]} {[%emt 00:00:17]} g5 {[%clk
00:38:40]} {[%emt 00:01:40]} 43. Rxa7 {[%clk 00:15:08]} {[%emt 00:00:12]} g4
{[%clk 00:39:01]} {[%emt 00:00:09]} 44. Ra8 {[%clk 00:13:05]} {[%emt 00:02:33]}
Rh6 {[%clk 00:38:55]} {[%emt 00:00:36]} 45. Rd8 {[%clk 00:13:00]} {[%emt
00:00:34]} g3 {[%clk 00:39:00]} {[%emt 00:00:25]} 46. Rd2 {[%clk 00:12:26]}
{[%emt 00:01:03]} Rg6 {[%clk 00:39:13]} {[%emt 00:00:17]} 47. Rg2 {[%clk
00:09:43]} {[%emt 00:03:14]} Kf5 {[%clk 00:39:37]} {[%emt 00:00:06]} 48. Ka4
{[%clk 00:09:33]} {[%emt 00:00:40]} Kf4 {[%clk 00:39:59]} {[%emt 00:00:08]} 49.
Rg1 {[%clk 00:09:28]} {[%emt 00:00:35]} g2 {[%clk 00:40:21]} {[%emt 00:00:09]}
50. Kb5 {[%clk 00:09:20]} {[%emt 00:00:38]} Kf3 {[%clk 00:40:46]} {[%emt
00:00:05]} 51. Rc1 {[%clk 00:08:48]} {[%emt 00:01:03]} g1=Q {[%clk 00:41:07]}
{[%emt 00:00:08]} 52. Rxg1 {[%clk 00:09:12]} {[%emt 00:00:06]} Rxg1 {[%clk
00:41:28]} {[%emt 00:00:10]} 53. Kxb6 {[%clk 00:09:36]} {[%emt 00:00:05]} Rg5
{[%clk 00:40:03]} {[%emt 00:01:54]} 54. a3 {[%clk 00:09:00]} {[%emt 00:01:07]}
Ke4 {[%clk 00:39:22]} {[%emt 00:01:11]} 55. b4 {[%clk 00:09:19]} {[%emt
00:00:12]} Kd4 {[%clk 00:39:47]} {[%emt 00:00:05]} 56. bxc5 {[%clk 00:08:37]}
{[%emt 00:01:12]} Rxc5 {[%clk 00:40:09]} {[%emt 00:00:08]} 57. a4 {[%clk
00:08:50]} {[%emt 00:00:17]} Kxc4 {[%clk 00:40:31]} {[%emt 00:00:08]} 58. a5
{[%clk 00:08:57]} {[%emt 00:00:22]} Rb5 {[%clk 00:40:58]} {[%emt 00:00:03]} 0-1

[Event "DVM U12 2022"]
[Site "München GER"]
[Date "2022.12.27"]
[Round "1"]
[White "Schwitkowski, Luka"]
[Black "Arndt, Niklas"]
[Result "1-0"]
[Termination "normal"]
[Board "2.3"]
[WhiteElo "1539"]
[BlackElo "1171"]
[WhiteClock "01:24:18"]
[BlackClock "01:06:31"]
[WhiteTeam "SV Erkenschwick 1923"]
[BlackTeam "Heilbronner SV"]
[PlyCount "47"]
[WhiteFideId "34610669"]
[BlackFideId "34640380"]
[EventCountry "GER"]
[EventRounds "7"]
[EventType "team-swiss"]
[EventDate "2022.12.26"]

1. e4 {[%clk 01:30:57]} {[%emt 00:00:02]} e5 {[%clk 01:30:52]} {[%emt
00:00:08]} 2. Nf3 {[%clk 01:31:22]} {[%emt 00:00:07]} Nc6 {[%clk 01:31:00]}
{[%emt 00:00:21]} 3. Bb5 {[%clk 01:31:46]} {[%emt 00:00:07]} d6 {[%clk
01:28:40]} {[%emt 00:02:50]} 4. d4 {[%clk 01:31:56]} {[%emt 00:00:19]} exd4
{[%clk 01:28:06]} {[%emt 00:01:05]} 5. Nxd4 {[%clk 01:32:24]} {[%emt 00:00:02]}
Bd7 {[%clk 01:28:18]} {[%emt 00:00:18]} 6. Bxc6 {[%clk 01:32:33]} {[%emt
00:00:21]} bxc6 {[%clk 01:28:19]} {[%emt 00:00:27]} 7. O-O {[%clk 01:32:56]}
{[%emt 00:00:07]} Nf6 {[%clk 01:27:56]} {[%emt 00:00:52]} 8. Nc3 {[%clk
01:32:14]} {[%emt 00:01:13]} g6 {[%clk 01:26:36]} {[%emt 00:01:50]} 9. Bg5
{[%clk 01:32:24]} {[%emt 00:00:20]} Be7 {[%clk 01:20:17]} {[%emt 00:06:50]} 10.
f4 {[%clk 01:32:20]} {[%emt 00:00:33]} Ng4 {[%clk 01:18:17]} {[%emt 00:02:29]}
11. Bxe7 {[%clk 01:32:10]} Qxe7 {[%clk 01:18:17]} 12. Qf3 {[%clk 01:32:10]} Qf6
{[%clk 01:18:17]} 13. Rad1 {[%clk 01:32:10]} c5 {[%clk 01:18:17]} 14. Ndb5
{[%clk 01:32:10]} O-O {[%clk 01:14:11]} {[%emt 00:09:35]} 15. Nxc7 {[%clk
01:30:15]} Rac8 {[%clk 01:14:11]} 16. N7d5 {[%clk 01:30:15]} Qh4 {[%clk
01:14:11]} 17. h3 {[%clk 01:30:15]} Nh6 {[%clk 01:14:11]} 18. Ne3 {[%clk
01:23:53]} {[%emt 00:13:33]} Rfe8 {[%clk 01:10:03]} {[%emt 00:01:34]} 19. Rxd6
{[%clk 01:22:27]} {[%emt 00:01:55]} Qe7 {[%clk 01:09:37]} {[%emt 00:00:55]} 20.
e5 {[%clk 01:22:51]} {[%emt 00:00:08]} f5 {[%clk 01:08:32]} {[%emt 00:01:35]}
21. Ncd5 {[%clk 01:23:06]} {[%emt 00:00:15]} Qf8 {[%clk 01:08:00]} {[%emt
00:01:01]} 22. Rxd7 {[%clk 01:23:23]} {[%emt 00:00:15]} c4 {[%clk 01:06:41]}
{[%emt 00:01:49]} 23. Nf6 {[%clk 01:23:49]} {[%emt 00:00:04]} Kh8 {[%clk
01:06:31]} {[%emt 00:00:38]} 24. Rxh7# {[%clk 01:24:18]} {[%emt 00:00:03]} 1-0

[Event "DVM U12 2022"]
[Site "München GER"]
[Date "2022.12.27"]
[Round "1"]
[White "Tselepidis, Konstantinos"]
[Black "Bohatyrova, Mariia"]
[Result "0-1"]
[Termination "normal"]
[Board "2.4"]
[WhiteElo "1015"]
[BlackElo "1439"]
[WhiteClock "01:33:36"]
[BlackClock "00:32:27"]
[WhiteTeam "Heilbronner SV"]
[BlackTeam "SV Erkenschwick 1923"]
[PlyCount "90"]
[WhiteFideId "34630619"]
[BlackFideId "34165789"]
[EventCountry "GER"]
[EventRounds "7"]
[EventType "team-swiss"]
[EventDate "2022.12.26"]

1. e4 {[%clk 01:30:49]} {[%emt 00:00:10]} e5 {[%clk 01:30:54]} {[%emt
00:00:07]} 2. Nf3 {[%clk 01:30:45]} {[%emt 00:00:34]} Nc6 {[%clk 01:31:14]}
{[%emt 00:00:09]} 3. Bc4 {[%clk 01:31:02]} {[%emt 00:00:14]} Bc5 {[%clk
01:30:19]} {[%emt 00:01:25]} 4. O-O {[%clk 01:31:05]} {[%emt 00:00:27]} Nf6
{[%clk 01:30:26]} {[%emt 00:00:23]} 5. Nc3 {[%clk 01:31:03]} {[%emt 00:00:32]}
d6 {[%clk 01:29:18]} {[%emt 00:01:38]} 6. h3 {[%clk 01:31:13]} {[%emt
00:00:20]} a6 {[%clk 01:25:11]} {[%emt 00:04:36]} 7. d3 {[%clk 01:30:41]}
{[%emt 00:01:03]} Be6 {[%clk 01:24:09]} {[%emt 00:01:31]} 8. Nd5 {[%clk
01:30:24]} {[%emt 00:00:47]} Na5 {[%clk 01:13:35]} {[%emt 00:11:04]} 9. Nxf6
{[%clk 01:30:31]} {[%emt 00:00:23]} Qxf6 {[%clk 01:10:49]} {[%emt 00:03:16]}
10. Bxe6 {[%clk 01:30:42]} {[%emt 00:00:18]} fxe6 {[%clk 01:11:01]} {[%emt
00:00:20]} 11. c3 {[%clk 01:30:56]} {[%emt 00:00:12]} Nc6 {[%clk 01:10:34]}
{[%emt 00:01:02]} 12. Qb3 {[%clk 01:30:42]} {[%emt 00:00:44]} Na5 {[%clk
01:06:48]} {[%emt 00:04:16]} 13. Qa4 {[%clk 01:31:01]} {[%emt 00:00:11]} Nc6
{[%clk 01:07:10]} {[%emt 00:00:07]} 14. b4 {[%clk 01:31:10]} {[%emt 00:00:22]}
Ba7 {[%clk 01:06:53]} {[%emt 00:00:48]} 15. Qb3 {[%clk 01:31:34]} {[%emt
00:00:05]} O-O {[%clk 01:07:02]} {[%emt 00:00:21]} 16. a3 {[%clk 01:30:13]}
{[%emt 00:01:52]} h6 {[%clk 01:06:48]} {[%emt 00:00:44]} 17. Be3 {[%clk
01:30:22]} {[%emt 00:00:20]} Rad8 {[%clk 00:53:08]} {[%emt 00:14:11]} 18. Bxa7
{[%clk 01:30:32]} {[%emt 00:00:20]} Nxa7 {[%clk 00:53:35]} {[%emt 00:00:03]}
19. d4 {[%clk 01:30:53]} {[%emt 00:00:08]} exd4 {[%clk 00:53:28]} {[%emt
00:00:38]} 20. Nxd4 {[%clk 01:31:16]} {[%emt 00:00:07]} Rde8 {[%clk 00:53:18]}
{[%emt 00:00:40]} 21. f4 {[%clk 01:30:13]} {[%emt 00:01:32]} Kh8 {[%clk
00:52:27]} {[%emt 00:01:21]} 22. e5 {[%clk 01:30:19]} {[%emt 00:00:25]} dxe5
{[%clk 00:50:03]} {[%emt 00:02:54]} 23. fxe5 {[%clk 01:30:43]} {[%emt
00:00:07]} Qxe5 {[%clk 00:50:19]} {[%emt 00:00:14]} 24. Rxf8 {[%clk 01:31:02]}
{[%emt 00:00:11]} Rxf8 {[%clk 00:50:44]} {[%emt 00:00:05]} 25. Qxe6 {[%clk
01:31:20]} {[%emt 00:00:12]} Qg3 {[%clk 00:48:40]} {[%emt 00:02:34]} 26. Rf1
{[%clk 01:30:45]} {[%emt 00:01:05]} Rxf1 {[%clk 00:41:22]} {[%emt 00:07:47]}
27. Kxf1 {[%clk 01:31:07]} {[%emt 00:00:09]} Qf4 {[%clk 00:41:17]} {[%emt
00:00:35]} 28. Nf3 {[%clk 01:31:27]} {[%emt 00:00:10]} Qc1 {[%clk 00:40:02]}
{[%emt 00:01:44]} 29. Qe1 {[%clk 01:31:37]} {[%emt 00:00:20]} Qxe1 {[%clk
00:39:29]} {[%emt 00:01:03]} 30. Kxe1 {[%clk 01:32:01]} {[%emt 00:00:05]} Nb5
{[%clk 00:39:45]} {[%emt 00:00:14]} 31. Nd4 {[%clk 01:31:10]} {[%emt 00:01:20]}
Nxc3 {[%clk 00:39:46]} {[%emt 00:00:29]} 32. Nc2 {[%clk 01:31:15]} {[%emt
00:00:25]} Kg8 {[%clk 00:40:01]} {[%emt 00:00:16]} 33. Kd2 {[%clk 01:31:28]}
{[%emt 00:00:17]} Nd5 {[%clk 00:40:18]} {[%emt 00:00:13]} 34. Kd3 {[%clk
01:31:49]} {[%emt 00:00:08]} Kf7 {[%clk 00:40:39]} {[%emt 00:00:10]} 35. Kc4
{[%clk 01:32:11]} {[%emt 00:00:08]} c6 {[%clk 00:40:13]} {[%emt 00:00:56]} 36.
a4 {[%clk 01:32:21]} {[%emt 00:00:20]} Nb6 {[%clk 00:40:00]} {[%emt 00:00:43]}
37. Kb3 {[%clk 01:32:41]} {[%emt 00:00:10]} Ke6 {[%clk 00:40:00]} {[%emt
00:00:29]} 38. Nd4 {[%clk 01:32:48]} {[%emt 00:00:23]} Ke5 {[%clk 00:39:56]}
{[%emt 00:00:35]} 39. Nf3 {[%clk 01:33:01]} {[%emt 00:00:17]} Ke4 {[%clk
00:39:34]} {[%emt 00:00:51]} 40. Nh4 {[%clk 01:33:21]} {[%emt 00:00:11]} g5
{[%clk 00:37:41]} {[%emt 00:02:23]} 41. Ng6 {[%clk 01:33:26]} {[%emt 00:00:25]}
Nd5 {[%clk 00:37:02]} {[%emt 00:01:09]} 42. Nf8 {[%clk 01:33:28]} {[%emt
00:00:27]} Nf4 {[%clk 00:33:16]} {[%emt 00:04:17]} 43. Nd7 {[%clk 01:33:20]}
{[%emt 00:00:38]} Ne6 {[%clk 00:32:41]} {[%emt 00:01:05]} 44. Nf6 {[%clk
01:33:24]} {[%emt 00:00:26]} Kf4 {[%clk 00:32:27]} {[%emt 00:00:44]} 45. Nh5
{[%clk 01:33:36]} {[%emt 00:00:18]} Ke3 {[%emt 00:02:10]} 0-1